| 000 | 00697cam a2200241 a 4500 | ||
|---|---|---|---|
| 001 | 1895912 | ||
| 005 | 20180122085640.0 | ||
| 008 | 840418s1984 dcu b 000 0 eng | ||
| 010 | _a 84009259 | ||
| 020 | _a0844735493 (pbk.) | ||
| 020 | _a0844735582 (hard) | ||
| 040 |
_aDLC _cDLC _dDLC _dOCoLC _dDLC |
||
| 041 | _aeng | ||
| 043 | _an-us--- | ||
| 080 | _a332.603 LOG | ||
| 082 | 0 | 0 |
_a362.482 JOH _219 |
| 100 | _a40 | ||
| 101 | _aSHK | ||
| 245 | 0 | 0 |
_aMaintaining the safety net : _cJohn C. Weicher, editor. |
| 504 | _aIncludes bibliographies. | ||
| 906 |
_a7 _bcbc _corignew _d1 _eocip _f19 _gy-gencatlg |
||
| 942 |
_2ddc _cBK |
||
| 999 |
_c40682 _d40682 |
||